Psicología del juego

Uloženo v:
Podrobná bibliografie
Hlavní autor: Elkonin, Daniil B (Autor)
Médium: Kniha
Jazyk:španělština
Vydáno: Madrid Visor Libros 1980
Edice:Colección Aprendizaje, 22
Témata:
Tagy: Přidat tag
Žádné tagy, Buďte první, kdo vytvoří štítek k tomuto záznamu!

MARC

LEADER 00000nam a2200000 a 4500
001 UCW5789
003 CL-VaPUC
008 910808e19800000SP |||||||||||||||||spa|d
082 0 4 |a 790.0132  |b ELK  |2 21 
100 0 |a Elkonin, Daniil B  |e author  |9 310800 
245 1 0 |a Psicología del juego 
300 |a 288 p 
942 |c BK 
945 |d 19910808 00:00:00 
260 |a Madrid  |b Visor Libros  |c 1980 
650 0 |a Juegos infantiles  |9 307365 
650 0 |a Psicología del niño  |9 307305 
650 0 |a Aspectos psicológicos  |9 258128 
650 0 |a Juegos educativos  |9 307366 
583 |a last modification  |c 20130106 11:08:19  |k Rodrigo Vera 
490 0 |a Colección Aprendizaje, 22 
999 |c 219111  |d 219109 
952 |0 0  |1 0  |4 0  |6 790_013200000000000_ELK_1980  |7 0  |8 P  |9 209644  |a BIBEDU  |b BIBEDU  |c BIBEDU_PB  |d 2019-11-15  |i 2775352  |o 790.0132 ELK 1980  |p 2775352  |r 2024-01-25  |w 2019-11-15  |y BK  |k EDU 
952 |0 0  |1 0  |4 0  |6 790_013200000000000_ELK_1980  |7 0  |8 P  |9 209645  |a BIBEDU  |b BIBEDU  |c BIBEDU_PB  |d 2019-11-15  |i 2775360  |o 790.0132 ELK 1980  |p 2775360  |r 2024-01-25  |w 2019-11-15  |y BK  |k EDU